000 00349nam a2200145Ia 4500
008 230312s9999||||xx |||||||||||||| ||und||
020 _a0-8151-7032-7
082 _a614.17
_bMAN-H
100 _aManaster;B,J
245 0 _aHandbook of skeletal radiology
260 _bMosby
_aUSA
_c1997
300 _a410
650 _aMedical
_vRadiology
942 _cBK
999 _c2166
_d2166